|
|
|
|
| LEADER |
01334nam a2200361Ia 4500 |
| 001 |
EBC453297 |
| 003 |
MiAaPQ |
| 005 |
20200520144314.0 |
| 006 |
m o d | |
| 007 |
cr cn||||||||| |
| 008 |
081006s2008 enk sb 000 0 eng d |
| 020 |
|
|
|z 9781848550520 (cased)
|
| 035 |
|
|
|a (MiAaPQ)EBC453297
|
| 035 |
|
|
|a (Au-PeEL)EBL453297
|
| 035 |
|
|
|a (CaPaEBR)ebr10310653
|
| 035 |
|
|
|a (CaONFJC)MIL368168
|
| 035 |
|
|
|a (OCoLC)609843593
|
| 040 |
|
|
|a MiAaPQ
|c MiAaPQ
|d MiAaPQ
|
| 050 |
|
4 |
|a HD66
|b .D58 2008
|
| 245 |
0 |
0 |
|a Diversity and groups
|h [electronic resource] /
|c edited by Katherine W. Phillips.
|
| 260 |
|
|
|a Bingley :
|b Emerald/JAI,
|c 2008.
|
| 300 |
|
|
|a xi, 308 p.
|
| 490 |
1 |
|
|a Research on managing groups and teams,
|x 1534-0856 ;
|v v. 11
|
| 504 |
|
|
|a Includes bibliographical references.
|
| 533 |
|
|
|a Electronic reproduction. Ann Arbor, MI : ProQuest, 2015. Available via World Wide Web. Access may be limited to ProQuest affiliated libraries.
|
| 650 |
|
0 |
|a Social groups.
|
| 650 |
|
0 |
|a Organizational behavior.
|
| 650 |
|
0 |
|a Teams in the workplace.
|
| 655 |
|
4 |
|a Electronic books.
|
| 700 |
1 |
|
|a Phillips, Katherine W.
|
| 710 |
2 |
|
|a ProQuest (Firm)
|
| 830 |
|
0 |
|a Research on managing groups and teams ;
|v v. 11.
|
| 856 |
4 |
0 |
|u https://ebookcentral.proquest.com/lib/matrademy/detail.action?docID=453297
|z Click to View
|